Chelsea FC Top Assisters in the Premier League - Statistics

General Stats
  • This quiz has been taken 77 times
    4 since last reset
  • The average score is 59 of 87
Answer Stats
Assists Answer % Correct
20 Ashley Cole
100%
10 Ben Chilwell
100%
36 Caesar Azpilicueta
100%
21 Cole Palmer
100%
27 Dennis Wise
100%
59 Didier Drogba
100%
57 Eden Hazard
100%
15 Enzo Fernandez
100%
18 Fernando Torres
100%
98 Frank Lampard
100%
27 Gianfranco Zola
100%
8 Joao Pedro
100%
31 Joe Cole
100%
18 John Terry
100%
27 Juan Mata
100%
17 Marcos Alonso
100%
24 Mason Mount
100%
13 Mateo Kovacic
100%
12 Michael Ballack
100%
11 Michael Essien
100%
16 Nemanja Matic
100%
13 N'golo Kante
100%
7 Noni Madueke
100%
19 Oscar
100%
16 Pedro
100%
10 Pedro Neto
100%
8 Ruben Loftus-Cheek
100%
6 Tammy Abraham
100%
9 Wayne Bridge
100%
35 Willian
100%
9 Adrian Mutu
67%
17 Arjen Robben
67%
6 Bosingwa
67%
12 Callum Hudson-Odoi
67%
41 Cesc Fabregas
67%
11 Christian Pulisic
67%
8 Conor Gallagher
67%
18 Damien Duff
67%
6 David Luiz
67%
16 Diego Costa
67%
30 Eidur Gudjohnsen
67%
23 Florent Malouda
67%
9 Gustavo Poyet
67%
10 John Obi Mikel
67%
10 John Spencer
67%
5 Jorginho
67%
11 Kai Havertz
67%
6 Mark Hughes
67%
8 Moises Caicedo
67%
6 Mykhaylo Mudryk
67%
20 Nicolas Anelka
67%
10 Nicolas Jackson
67%
5 Olivier Giroud
67%
10 Raheem Sterling
67%
10 Ramires
67%
22 Reece James
67%
21 Solomon Kalou
67%
13 Timo Werner
67%
5 Tore Andre Flo
67%
7 Victor Moses
67%
5 William Gallas
67%
6 Alvaro Morata
33%
8 Andriy Shevchenko
33%
6 Andy Townsend
33%
7 Boudewijn Zenden
33%
23 Branislav Ivanovic
33%
9 Celestine Babayaro
33%
5 Craig Burley
33%
14 Dan Petrescu
33%
6 Eddie Newton
33%
6 Emmanuel Petit
33%
11 Gavin Peacock
33%
23 Graeme Le Saux
33%
7 Graham Stuart
33%
9 Hakim Ziyech
33%
5 Jadon Sancho
33%
13 Jesper Gronkjaer
33%
31 Jimmy Floyd Hasselbaink
33%
10 Malo Gusto
33%
10 Marc Cucurella
33%
5 Mario Melchiot
33%
5 Njitap Geremi
33%
8 Roberto Di Matteo
33%
9 Ross Barkley
33%
11 Shaun Wright-Phillips
33%
5 Steve Clarke
33%
6 Robert Fleck
0%
No matching quizzes found
Score Distribution
Percent of People with Each Score
Percentile by Number Answered
Your Score History
You have not taken this quiz since the last reset